| 000 | 01239aab a2200193 i 4500 | ||
|---|---|---|---|
| 001 | 768714001 | ||
| 003 | CO-MdFUSB | ||
| 005 | 20240422115634.0 | ||
| 008 | 221011s1996 ag ||||| |||| 00| 0 spa d | ||
| 040 |
_bspa _cCO-MdFUSB _dCO-MdFUSB |
||
| 041 | _aspa | ||
| 100 | 1 |
_aBreneman, Mervin (1930-) _eautor |
|
| 245 | 1 | 0 |
_a¿Cómo debemos usar el Antiguo Testamento? (3) _c/ Mervin Breneman |
| 300 |
_aVolumen 15, número 2 (abril - junio, 1996) páginas: 23 - 25 _c; 27 cm |
||
| 520 | _aEl punto principal de este articulo debe quedar claro: aprendamos de los fariseos y no seamos orgullosos de nuestra buena posición doctrinal, ni de nuestra buena hermenéutica, ni de nuestra comprensión de las escrituras, y así perdamos lo que Dios quiere hacer en nuestros días. Los propósitos y la palabra de Dios son mucho más grandes y amplios que todo nuestro entendimiento. Siempre habrá tensión entre guardar, por un lado la sana doctrina y la buena interpretación y, por otro, la dinámica y la libertad del Espíritu en la vida de la iglesia y en su uso de las Escrituras. | ||
| 630 | 0 | 7 | _aBiblia. |
| 773 | 0 |
_tIglesia y Misión _049402 _959640 _gVolumen 15, número 2 (abril - junio, 1996) páginas: 23 - 25 _qpágina: 23 |
|
| 942 | _cANA | ||
| 999 |
_c68291 _d68291 |
||